000 00676nam a2200205Ii 4500
003 JO-AjNU
008 230605s9999||||xx |||||||||||||| ||und||
040 _aJO-AjNU
_bara
_erda
_cJO-AjNU
041 _aara
050 1 4 _aBP129. U4 2005
100 3 _aحجازي، محمود؛ عنى به عبادة فارس الشامي,
_eauthor
_939907
245 0 0 _aتفسير جزء عم من النفسير الواضح
250 _aط1
264 3 1 _aد.م: د.ن، 2005
300 _a130ص
336 _atext
_btxt
_2rdacontent
337 _aunmediated
_bn
_2rdamedia
338 _avolume
_bnc
_2rdacarrier
650 4 _aجزء عم -تفسير - القران الكريم
_939908
999 _aA16893
_c20461
_d20461